On This Day: July 10th II Quiz Stats

 Plays Quiz Updated Jul 10, 2018

Score 0/7 Timer 03:00
0 Plays Today
Question Answer Wrong Answers
The Scopes Trial, pitting 3-time Presidential candidate William Jennings Bryan against famous attorney Clarence Darrow over the teaching of this topic in public schools, begins in Dayton, TN.
1925
evolution
87.9%
sex education
7.5%
communism
2.4%
gender studies
1.4%
A rival of Soviet leader Mikhail Gorbachev, this man takes office as the first elected President of Russia.
1991
Boris Yeltsin
80.3%
Vladimir Putin
10%
Dmitry Medvedev
2.2%
Leonid Brezhnev
5.3%
Now the least populous state, ______, nicknamed the ‘Cowboy State’ and the ‘Equality State,’ joins the Union as the 44th state.
1890
Wyoming
79%
Montana
15.6%
New Mexico
2.4%
Idaho
2.8%
This battle, which lasted nearly 4 months and proved a decisive loss for German air power, begins with Nazi bombing raids in the English Channel.
1940
Battle of Britain
70.8%
Battle of the Bulge
16.6%
Battle of Midway
8.8%
Battle of the Atlantic
2.3%
‘Parachutes,’ the first album by this chart-topping British rock band and winner of the Best Alternative Album Grammy, is released in the UK.
2000
Coldplay
65.8%
Radiohead
16%
Arctic Monkeys
9.5%
Snow Patrol
6.3%
This archipelago, a popular tourist destination southeast of Florida and the site of Columbus’ first landfall in the Americas, becomes an independent country and member of the Commonwealth of Nations.
1973
Bahamas
63.7%
Cuba
7.3%
Dominican Republic
17.3%
Trinidad and Tobago
9.8%
This man, the last to occupy the White House as a member of the Whig Party and later the candidate of the nativist Know Nothing Party, is sworn in the day after President Zachary Taylor’s death.
1850
Millard Fillmore
55.5%
Andrew Johnson
11.1%
Franklin Pierce
18.2%
William Henry Harrison
15.1%

You're not logged in!

Compare scores with friends on all Sporcle quizzes.
OR
Log In

Sporcle TV

Today on Sporcle TV


Watch our educational content, quiz creation guides, and fun videos on Sporcle TV.

Show Comments

Extras

Top Quizzes Today


Score Distribution

Your Account Isn't Verified!

In order to create a playlist on Sporcle, you need to verify the email address you used during registration. Go to your Sporcle Settings to finish the process.

Report this User

Report this user for behavior that violates our Community Guidelines.

Details: